Normal view
MARC view
- Díaz Gutiérrez, Ma. Antonieta
Entry Nombre Personal
001 - NUMERO DE CONTROL
- campo de control: 42792
003 - IDENTIFICADOR DE NUMERO DE CONTROL
- campo de control: DLC
005 - FECHA Y HORA DE LA ÜLTIMA TRANSACCIÓN
- campo de control: 20221123131316.0
008 - DATOS DE LONGITUD FIJA
- campo de control de longitud fija: 221123n| acannaabn |a aaa
010 ## - NÚMERO DE CONTROL DE LA BIBLIOTECA DEL CONGRESO
- Número de control LC: n 91091448
035 ## - NUMERO DE CONTROL
- Número de control: (OCoLC)oca03017299
040 ## - FUENTE DE CATALOGACIÓN
- Agencia original de catalogación: DLC
- Lenguaje de catalogación: spa
- Agencia de transcripción: DLC
- Agencia que lo modifica: DLC
- Agencia que lo modifica: OCoLC
- Agencia que lo modifica: MX-MxUPN
100 1# - ENCABEZAMIENTO - NOMBRE PERSONAL
- Nombre personal: Díaz Gutiérrez, Ma. Antonieta
- Fuller form of name: (María Antonieta)
400 1# - VEÁSE - NOMBRE DE PERSONA
- Personal name: Díaz Gutiérrez, María Antonieta
400 1# - VEÁSE - NOMBRE DE PERSONA
- Personal name: Gutiérrez, Ma. Antonieta Díaz
- Fuller form of name: (María Antonieta Díaz)
670 ## - FUENTE EN LA QUE SE LOCALIZARON DATOS
- Cita de la fuente: En su obra: Perfil de los alumnos egresados del ... 1990:
- Información localizada: portada (Ma. Antonieta Díaz Gutiérrez)
902 ## - CATALOGADOR
- Catalogador: NDAF/231122
